To państwo uczestniczyło w I wojnie światowej czy II wojnie światowej? - Statystyki

Ogólne statystyki
  • Ten quiz został rozwiązany 153 razy
    82 od ostatniego zresetowania
  • Średni wynik to 4 z 6
Statystyki odpowiedzi
Zagadnienie Odpowiedź % Poprawnych
Niemcy / III Rzesza Obie
83%
Timor Wschodni Żadna
80%
ZSRR II Wojna Światowa
73%
Rosja I Wojna Światowa
73%
Polska II Wojna Światowa
70%
Nepal II Wojna Światowa
20%
Nie znaleziono quizów pasujących do podanych kryteriów
Rozkład punktacji
Procent ludzi z każdym wynikiem
Percentyl według liczby udzielonych odpowiedzi
Twoja historia wyników
Nie rozwiązałeś tego quizu od ostatniego zresetowania